Penjual ikan

Bibliographic Details
Main Author: M. Saleh Mahyat
Format: Book
Published: Selangor : Hasrat Murni , 2006
Series:Siri tiga serangkai
Subjects:

MARC

LEADER 00000cam a2200000 7i4500
001 0000000574
005 20151222.0
008 070702
020 |a 9830602753 
020 |a 9830602818(set) 
090 0 0 |a JF   |b MAL (322) 
100 0 |a M. Saleh Mahyat 
245 1 0 |a Penjual ikan   |c M. Saleh Mahyat 
260 |a Selangor :   |b Hasrat Murni ,   |c 2006 
440 |a Siri tiga serangkai 
500 |a Children ages 7-9 years old (orange) 
650 0 |a Children's stories 
650 0 |a Malay fiction 
999 |a 0000917497   |b Book   |c Children Collection   |e Cawangan Bukit Gambir 
999 |a 0000917498   |b Book   |c Children Collection   |e Cawangan Bukit Gambir 
999 |a 0000930254   |b Book   |c Children Collection   |e Cawangan Tangkak 
999 |a 0000930255   |b Book   |c Children Collection   |e Cawangan Tangkak 
999 |a 0000930256   |b Book   |c Children Collection   |e Cawangan Tangkak 
999 |a 0000957464   |b Book   |c Children Collection   |e Perbadanan Perpustakaan Awam Johor 
999 |a 0000957465   |b Book   |c Children Collection   |e Perbadanan Perpustakaan Awam Johor 
999 |a 0000957466   |b Book   |c Children Collection   |e Perbadanan Perpustakaan Awam Johor 
999 |a 0000957467   |b Book   |c Children Collection   |e Cawangan Bandar Tenggara 
999 |a 0000957468   |b Book   |c Children Collection   |e Perbadanan Perpustakaan Awam Johor 
999 |a 0000958773   |b Book   |c Children Collection   |e Perbadanan Perpustakaan Awam Johor 
999 |a 0000958774   |b Book   |c Children Collection   |e Cawangan Urban Transformation Centre 
999 |a 9830602753   |b Book   |c Children Collection   |e Cawangan Sri Merlong